000 00562nam a22002057a 4500
003 OSt
005 20140310182826.0
008 130529t xxu||||| |||| 00| 0 eng d
020 _a9780281058181
050 _aBL 2775
_b.F612 2006
082 _aM 264.036
_bF613 2006
245 _aPathway to God :
_bfollowing the way in prayer /
_cFletcher, Janet
260 _aMoscow, Id.
_bPsychiana, inc.
_c1943
300 _axvi, 109 p. :
_c21 cm.
521 _acollege students
526 _c1210L-1700L
541 _j1
562 _e1
942 _2lcc
_cBK
_kM
999 _c16512
_d16512